Borders, histories, existences: (Record no. 38425)

MARC details
000 -LEADER
fixed length control field 00896nam a22002297a 4500
005 - DATE AND TIME OF LATEST TRANSACTION
control field 20100731143235.0
010 ## - LCCN (DPL NO)
LC control number ENG-97540
020 ## - INTERNATIONAL STANDARD BOOK NUMBER
International Standard Book Number 9788132102267
Terms of availability 650.00
035 ## - SYSTEM CONTROL NUMBER
System control number EN-81073
037 ## - SOURCE OF ACQUISITION
Source of stock number/acquisition DBAD/PUB
082 ## - DEWEY DECIMAL CLASSIFICATION NUMBER
Classification number 305.4896910954
100 ## - MAIN ENTRY--PERSONAL NAME
Personal name Banerjee, Paula
245 ## - TITLE STATEMENT
Title Borders, histories, existences:
Remainder of title gender and beyond /
Statement of responsibility, etc by Paula Banerjee
260 ## - PUBLICATION, DISTRIBUTION, ETC. (IMPRINT)
Place of publication, distribution, etc New Delhi
Name of publisher, distributor, etc Sage Publications
Date of publication, distribution, etc 2010
270 ## - ADDRESS
Address B-1/I-1 Mohan Cooperative Industrial Area, Mathura Road
City New Delhi
Postal code 110044
300 ## - PHYSICAL DESCRIPTION
Extent xlii, 253p.
Dimensions 22cm (Hb)
500 ## - GENERAL NOTE
General note Includes bibliographical references and index
650 ## - SUBJECT ADDED ENTRY--TOPICAL TERM
Geographic subdivision South Asia
650 ## - SUBJECT ADDED ENTRY--TOPICAL TERM
Topical term or geographic name as entry element Women-Social Conditions
942 ## - ADDED ENTRY ELEMENTS (KOHA)
Source of classification or shelving scheme Dewey Decimal Classification
Item type English Books
Classification part 305.4896910954
Call number suffix BAN
Holdings
Withdrawn status Lost status Not for loan Collection code Home library Current library Date acquired Source of acquisition Cost, normal purchase price Full call number Barcode Copy number Cost, replacement price Koha item type
    Not For Loan Non-fiction D.B.Act.Division D.B.Act.Division 31/07/2010 DBAD/PUB 650.00 305.4896910954 BAN EN-81073 1 650.00 English Books

© Delhi Public Library
Hit Counter
free hit counter